000 00701cam a22002531i 4500
001 4440
003 BD-RjUL
005 20211208233907.0
008 161201r19581956nyu 001 0 eng
035 _a(BD-RjUL)4475
035 _a(OCoLC)7846658
040 _aDLC
_cOAU
_dBD-RjUL
_beng
041 _aeng
082 0 4 _a173
_bRUM 1958
100 1 _aRussell, Bertrand,
_d1872-1970
_914042
245 1 0 _aMarriage and morals /
_cBertrand Russell.
260 _aLondon :
_bGeorge Allen and Unwin,
_cc1951 [Timpression 1958].
300 _a254 p. ;
_c19 cm.
504 _aIncludes index.
650 0 _aSexual ethics.
_914043
650 0 _aMarriage.
_914044
942 _2ddc
_cBK
999 _c4440
_d4440